Dennis Ashbaugh (Record no. 7560)

MARC details
000 - LÍDER
campo de control de longitud fija 00809nam a2200205Ia 4500
008 - ELEMENTOS DE DATOS DE LONGITUD FIJA - INFORMACIÓN GENERAL
campo de control de longitud fija 0000001975 usa 0000000000eng00
090 ## - NÚMERO DE LLAMADA DE TIPO LC LOCALMENTE ASIGNADO (OCLC)
Número de clasificación (OCLC) (R) PUS00 A73d
100 1# - ENTRADA PRINCIPAL - NOMBRE PERSONAL
Nombre de la persona Ashbaugh, Dennis
Fechas asociadas a un nombre 1946
245 10 - TÍTULO DECLARACIÓN
Título Dennis Ashbaugh
Declaración de responsabilidad / photograph by Linda Cathcart
260 ## - PUBLICACIÓN, DISTRIBUCIÓN
Lugar de publicación New York : Whitney Museum of American Art
Fecha de publicación 1975
300 ## - DESCRIPCIÓN FÍSICA
Alcance 1 plegable [4] p.
Dimensiones / 18 cm.
500 ## - NOTA GENERAL
Nota general Exposición realizada en Whitney Museum of American Art, New York, Octubre 9 Noviembre 9, 1975 \ Con el patronazgo de la empresa colombiana PLARESA
600 00 - ENTRADA DE SUJETO AÑADIDO - NOMBRE PERSONAL
Nombre de la persona ASHBAUGH, DENNIS, 1946/
Subdivisión general TRABAJOS PICTORICOS
650 14 - ENTRADA DE SUJETO AÑADIDO - TÉRMINO TÓPICO
Término tópico o elemento de entrada del nombre geográfico ARTE CONTEMPORANEO ESTADOUNIDENSE
650 14 - ENTRADA DE SUJETO AÑADIDO - TÉRMINO TÓPICO
Subdivisión general CATALOGOS
650 14 - ENTRADA DE SUJETO AÑADIDO - TÉRMINO TÓPICO
Subdivisión general EXPOSICIONES
650 14 - ENTRADA DE SUJETO AÑADIDO - TÉRMINO TÓPICO
Término tópico o elemento de entrada del nombre geográfico PINTORES ESTADOUNIDENSES
650 14 - ENTRADA DE SUJETO AÑADIDO - TÉRMINO TÓPICO
Término tópico o elemento de entrada del nombre geográfico PINTURA ESTADOUNIDENSE
700 1# - ENTRADA AGREGADA - NOMBRE PERSONAL
Nombre de la persona Cathcart, Linda
Holdings
Estado de retirada Pérdida de estatus Estado dañado No para préstamo Código de recogida Ubicación permanente Ubicación actual Ubicación de las estanterías Fecha de adquisición Número de llamada completo Código de barras Fecha de la última vez que se vio Número de copia Precio efectivo desde Tipo de artículo Koha
        General ArtNexus ArtNexus General 06/09/2022 P-US-00 A73D 7563 06/09/2022 Ej.1 06/09/2022 Libro

Powered by Koha